Science interactions : course 2 (Record no. 80354)

MARC details
000 -LEADER
fixed length control field 00935nam a2200193 a 4500
008 - FIXED-LENGTH DATA ELEMENTS--GENERAL INFORMATION
fixed length control field 080313s1995 ||||||||||||||||| || u
020 ## - INTERNATIONAL STANDARD BOOK NUMBER
International Standard Book Number 0028268288
050 ## - LIBRARY OF CONGRESS CALL NUMBER
Classification number Q 182.3 Sci
245 00 - TITLE STATEMENT
Title Science interactions : course 2
260 ## - PUBLICATION, DISTRIBUTION, ETC.
Place of publication, distribution, etc. New York
Name of publisher, distributor, etc. Glencoe
Date of publication, distribution, etc. 1995
300 ## - PHYSICAL DESCRIPTION
Extent x, 106p. : ill.
350 ## -
-- 0.00
490 ## -
-- Science Discovery Activities
650 #7 - SUBJECT ADDED ENTRY--TOPICAL TERM
Topical term or geographic name entry element SCIENCE
Source of heading or term fast
650 ## - SUBJECT ADDED ENTRY--TOPICAL TERM
Topical term or geographic name entry element SCIENCE--SKILLS
995 ## -
-- MAIN LIBRARY OPEN ACCESS
-- 0.00
-- 737195
-- CBU-MAIN LIBRARY (Kitwe)
-- 1
-- 0.00
-- Q 182.3 SCI
-- 1
-- AVAILABLE
-- Mar 13, 2008
-- 41102
-- Main Library Open Access Collection
995 ## -
-- ANNEX COLLECTION (Main Library)
-- 0.00
-- 737196
-- CBU-MAIN LIBRARY (Kitwe)
-- 1
-- 0.00
-- Q 182.3 SCI
-- 3
-- AVAILABLE
-- Mar 13, 2008
-- 41105
-- Annex Low-Usage Collection
995 ## -
-- MAIN LIBRARY OPEN ACCESS
-- 0.00
-- 737197
-- CBU-MAIN LIBRARY (Kitwe)
-- 1
-- 0.00
-- Q 182.3 SCI
-- 2
-- AVAILABLE
-- Mar 13, 2008
-- 41104
-- Main Library Open Access Collection
999 ## -
-- 80354
-- 80354
Holdings
Withdrawn status Lost status Source of classification or shelving scheme Damaged status Not for loan Permanent Location Current Location Shelving location Date acquired Total Checkouts Full call number Barcode Date last seen Copy number Price effective from Koha item type
          CBU-MAIN LIBRARY, KITWE. CBU-MAIN LIBRARY, KITWE.   06/29/2023   Q 182.3 Sci 41102 06/29/2023 1 06/29/2023 MONOGRAPH
          CBU-MAIN LIBRARY, KITWE. CBU-MAIN LIBRARY, KITWE.   06/29/2023   Q 182.3 Sci 41105 06/29/2023 2 06/29/2023 MONOGRAPH
          CBU-MAIN LIBRARY, KITWE. CBU-MAIN LIBRARY, KITWE.   06/29/2023   Q 182.3 Sci 41104 06/29/2023 3 06/29/2023 MONOGRAPH